000 00992cab a2200205 4500
001 L136238
008 070119n2007 000 0 eng u
035 _a(Sirsi) u136238
041 0 _aeng
110 1 _aUnited Kingdom
_bDepartment for Culture, Media and Sport
245 0 0 _aRegister of licensed public spaces in England and Wales
260 _c2007
520 _aLists those local authorities that have licensed their public spaces to enable events to take place in their premises and land. Details the spaces licensed, the activities licensed, the days and times licensed, and contact details for further information and permission to use the land.
590 _aKA
650 2 4 _aREGISTER OF LOCAL AUTHORITY LICENSED PUBLIC SPACES
651 4 _aEngland and Wales
_y1543-
690 _aBlock management
_96220
856 4 8 _uhttps://www.culture.gov.uk/what_we_do/Alcohol_entertainment/licensed_public_spaces2.htm
_zView the item free of charge at www.culture.gov.uk...
942 _n0
999 _c78203
_d78203